ARRUPE JESUIT UNIVERSITY

CORONAVIRUS -STOP THE SPREAD - CLEAN,DISINFECT,COVER

John Keble priest, pastor, poet. (Record no. 122329)

MARC details
000 -LEADER
fixed length control field 00449nam a22001337a 4500
008 - FIXED-LENGTH DATA ELEMENTS--GENERAL INFORMATION
fixed length control field 150309b xxu||||| |||| 00| 0 eng d
050 ## - LIBRARY OF CONGRESS CALL NUMBER
Classification number BX5199.K3G174
100 ## - MAIN ENTRY--PERSONAL NAME
Personal name Galloway, Mark R.
9 (RLIN) 15976
245 ## - TITLE STATEMENT
Title John Keble priest, pastor, poet.
Remainder of title a theological portrait of an anglican saint
Statement of responsibility, etc /by Mark R. Galloway
260 ## - PUBLICATION, DISTRIBUTION, ETC. (IMPRINT)
Place of publication, distribution, etc Providence
Name of publisher, distributor, etc Providence college
Date of publication, distribution, etc 1991
300 ## - PHYSICAL DESCRIPTION
Extent 182p. ;
Dimensions 27cm.
650 ## - SUBJECT ADDED ENTRY--TOPICAL TERM
Topical term or geographic name as entry element Keble, John
9 (RLIN) 15977
942 ## - ADDED ENTRY ELEMENTS (KOHA)
Source of classification or shelving scheme Library of Congress Classification
Item type Monograph ( Printed materials)
Holdings
Withdrawn status Lost status Source of classification or shelving scheme Damaged status Not for loan Collection code Home library Current library Shelving location Date acquired Total Checkouts Full call number Barcode Date last seen Price effective from Koha item type
    Library of Congress Classification     Main Collection ARRUPE LIBRARY ARRUPE LIBRARY Main Collection 09/03/2015   BX5199.K3G174 46500002782 22/11/2017 09/03/2015 Monograph ( Printed materials)

 

Arrupe Library. PO Box MP320 Mt Pleasant, Harare, Zimbabwe
263 242 745411|librarian@aju.ac.zw